00957 a2200217 4500003000500000005001700005010001700022020002800039040000900067082001200076100002000088245010700108260003600215300003300251440007600284505023900360650004600599650005600645651001100701700002700712Nust20170207154031.0 a 2001055245 a1580533159 (alk. paper) cNust00a658.3121 aStone, David E.10aPlanning and design for high-tech Web-based training (E-BOOK)cDavid E. Stone, Constance L. Koskinen. aBoston :bArtech House,cc2002. axx, 239 p. :bill. ;c24 cm. 0aArtech House technology management and professional development library aPart 1 Phase 1: The analysis (Page-1) Part II Phase 2: Strategic planning (Page-41) Part III Phase 3: WBT development (Page-97) Part IV Phase 4: WBT deployment (Page-147) Part V Postproduction (Page-167) Part VI The future (Page-193)  0aEmployeesxComputer-assisted instruction. 0aEmployeesxTraining ofxComputer network resources. aE-BOOK1 aKoskinen, Constance L.